[Event "Cairo Egyptian op"]
[Site "Cairo"]
[Date "2016.04.23"]
[Round "2"]
[White "Radwan, Mohamed A Fatah"]
[Black "Lotfy, Abdel Rahman"]
[Result "0-1"]
[WhiteElo "1929"]
[BlackElo "2156"]
[PlyCount "67"]
[EventDate "2016.04.22"]
[EventType "swiss"]
[EventRounds "9"]
[EventCountry "EGY"]
[SourceTitle "CBM 172 Extra"]
[Source "ChessBase"]
[SourceDate "2016.06.21"]
[SourceVersion "1"]
[SourceVersionDate "2016.06.21"]
[SourceQuality "1"]

1. e4 c5 2. Nf3 Nc6 3. Nc3 Nf6 4. Bb5 g6 5. 0-0 Bg7 6. e5 Ng4 7. Bxc6 dxc6 8. Re1 0-0 9. h3 Nh6 10. d3 Nf5 11. Bf4 Nd4 12. Ne4 b6 13. c3 Ne6 14. Be3 Qd5 15. Qc2 f5 16. Neg5 f4 17. Nxe6 Bxe6 18. c4 Qd7 19. Bd2 Bxh3 20. Re4 Bf5 21. e6 Qd8 22. Rxf4 Qxd3 23. Qa4 Bxe6 24. Qxc6 Bxc4 25. Re1 Qd5 26. Qxd5+ Bxd5 27. Rxe7 Rxf4 28. Bxf4 Bxf3 29. gxf3 Bxb2 30. Kg2 Bg7 31. Rc7 h6 32. Kg3 g5 33. Bd6 Rd8 34. Rc6 0-1